000 00603nam a2200253Ia 4500
003 OSt
005 20221005133157.0
006 a|||||r|||| 00| 0
007 ta
008 221004b |||||||| |||| 00| 0 tam d
024 _a51815
037 _cTextual
040 _aCRL
_cCRL
_btam
041 _2tam
_atam
082 _aR4, 31J3
100 _aPillai Ramasamy Au.
_9640925
245 0 _aVivekachinthamani
250 _a2nd
260 _c1953
650 _a PHILOSOPHY
650 _aETHICS
942 _hR4, 31J3
_cTEXL
_2cc
999 _c1066001
_d1066001